20 Biggest Cities in Alaska - Statistics

General Stats
  • This quiz has been taken 58 times
  • The average score is 12 of 20
Answer Stats
Hint Answer % Correct
284,469 Anchorage
100%
31,674 Fairbanks
100%
31,337 Juneau
100%
3,620 Nome
82%
8,049 Ketchikan
73%
4,622 Barrow
71%
8,234 Sitka
69%
10,223 Wasilla
67%
5,287 Kodiak
60%
6,203 Homer
56%
3,751 Valdez
51%
6,279 Bethel
49%
7,848 Kenai
49%
2,486 North Pole
49%
4,203 Unalaska
49%
6,525 Palmer
47%
2,733 Seward
42%
4,651 Soldotna
38%
2,432 Cordova
31%
2,939 Kotzebue
31%
No matching quizzes found
Score Distribution
Percent of People with Each Score
Percentile by Number Answered
Your Score History
You have not taken this quiz